000 00522nam a2200181Ia 4500
008 100920s9999 xx 000 0 und d
082 _b97016
_a28 व 539 न 04
100 _aकुकडे सुमती.
245 _aभेसळ.
260 _bश्रीकांत बुक,यवतमाळ.
_c2004
300 _a20
_bसाधी
365 _b14
520 _aबा.वि.शाअ.
630 _aभेसळ.
650 _aबा.वि.शाअ.
730 _aभेसळ.
942 _cBOOK
999 _c737455
_d737452